| 000 | 00557nam a22001457a 4500 | ||
|---|---|---|---|
| 003 | MACL | ||
| 005 | 20170831121412.0 | ||
| 008 | 170831b xxu||||| |||| 00| 0 eng d | ||
| 040 | _cMACL | ||
| 100 |
_aगुप्ता, हरि शंकर _968934 |
||
| 245 | _aशक्ति पुँज मॉंं दुर्गा की अमर कथाएँ | ||
| 260 |
_aदिल्ली _bगुरूकुल विद्यापीठ प्रकाशन _c2016 |
||
| 650 |
_aबाल साहित्य _955186 |
||
| 942 |
_2ddc _cHIN |
||
| 999 |
_c56951 _d56951 |
||